Southville International School and Colleges
Your cart is empty.
  • Cart
  • Lists
    Public lists Eva Luna New books Lux_list list_1
    Your lists Log in to create your own lists
  • Log in to your account
  • Your cookies
  • Search history
Southville International School and Colleges
  • Advanced search
  • Recent comments
  • Most popular
  • Libraries

Log in to your account

Log in with GOOGLE


If you do not have an external account, but do have a local account, you can still log in:

  1. Home
  2. MARC view: Leadership and SEN :
Normal view MARC view ISBD view

Leadership and SEN : (Record no. 21676)

[ view plain ]
MARC details
000 -LEADER
fixed length control field 00621nam a2200193 a 4500
005 - DATE AND TIME OF LATEST TRANSACTION
control field 20140310183336.0
008 - FIXED-LENGTH DATA ELEMENTS--GENERAL INFORMATION
fixed length control field 070511s19uu xx 00 eng d
020 ## - INTERNATIONAL STANDARD BOOK NUMBER
International Standard Book Number 9781843122852
050 ## - LIBRARY OF CONGRESS CALL NUMBER
Classification number LB 2346
Item number .B964 2005
100 ## - MAIN ENTRY--PERSONAL NAME
Personal name Burnett, Nick
245 ## - TITLE STATEMENT
Title Leadership and SEN :
Remainder of title meeting the challenge in Special and Mainstream settings /
260 ## - PUBLICATION, DISTRIBUTION, ETC. (IMPRINT)
Place of publication, distribution, etc London :
Name of publisher, distributor, etc David Fulton Publishers,
Date of publication, distribution, etc 2005.
300 ## - PHYSICAL DESCRIPTION
Extent 90 p. :
Dimensions 26 cm.
521 ## - TARGET AUDIENCE NOTE
Target audience note
650 ## - SUBJECT ADDED ENTRY--TOPICAL TERM
Topical term or geographic name as entry element Learning disabled children
General subdivision Education
-- United States.
650 ## - SUBJECT ADDED ENTRY--TOPICAL TERM
Topical term or geographic name as entry element Mainstreaming in education
General subdivision United States.
942 ## - ADDED ENTRY ELEMENTS (KOHA)
Koha item type Books
Source of classification or shelving scheme Library of Congress Classification
Call number prefix Foreign
Holdings
Withdrawn status Lost status Source of classification or shelving scheme Damaged status Home library Current library Shelving location Date acquired Source of acquisition Cost, normal purchase price Total Checkouts Full call number Barcode Date last seen Copy number Price effective from Koha item type
    Library of Congress Classification   College Library College Library General Circulation Section 09/30/2010   2898.00   LB 2346 .B964 2005 C7655 05/15/2018 1 10/10/2013 Books

Leadership and SEN :

APA

Burnett N., . (2005). Leadership and SEN. London: David Fulton Publishers.

Chicago

Burnett Nick, . 2005. Leadership and SEN. London: David Fulton Publishers.

Harvard

Burnett N., . (2005). Leadership and SEN. London: David Fulton Publishers.

MLA

Burnett Nick, . Leadership and SEN. London: David Fulton Publishers. 2005.

  • Place hold
  • Print
  • Cite
  • Add to your cart (remove)
  • Save record
    BIBTEX Dublin Core MARCXML MARC (non-Unicode/MARC-8) MARC (Unicode/UTF-8) MARC (Unicode/UTF-8, Standard) MODS (XML) RIS
  • More searches
    Search for this title in:
    Other Libraries (WorldCat) Other Databases (Google Scholar) Online Stores (Bookfinder.com) Open Library (openlibrary.org)

Exporting to Dublin Core...

SOUTHVILLE LIBRARY

Southville International School and Colleges Library

1281 Tropical Ave. Cor. Luxembourg St., BF Homes International, Las Pinas City

Tel. No. 8256374 / 252358 Loc. 117/146

Powered by Koha